000 00702nam a2200253Ia 4500
003 OSt
005 20220918182316.0
006 a|||||r|||| 00| 0
007 ta
008 220917b |||||||| |||| 00| 0 eng d
024 _a31,825
037 _cTextual
040 _aARTS
_cARTS
_beng
041 _2eng
_aeng
082 _aO111,1L70x, L1
100 _aColeridge S T
245 0 _aLyrical ballads 1798
260 _aMonston
_bScolar Press UK
_c1971
300 _av,210p.
_ccm.
650 _aENGLISH LITERATURE; ENGLISH POETRY
_927908
700 _a Wordsworth William
942 _hO111,1L70x, L1
_cTEXL
_2CC
999 _c168503
_d168503